[Event "38th Olympiad"]
[Site "Dresden GER"]
[Date "2008.11.15"]
[Round "3"]
[White "Perunovic,Mil"]
[Black "Goutali,T"]
[Result "1-0"]
[WhiteElo "2580"]
[BlackElo "2225"]

1.e4 d6 2.d4 Nf6 3.Nc3 e5 4.Nf3 Nbd7 5.Bc4 Be7 6.O-O O-O 7.Re1 c6 8.a4 a5
9.h3 Nb6 10.Ba2 Nfd7 11.Be3 exd4 12.Bxd4 Nc5 13.Bb3 Nxb3 14.cxb3 Nd7 15.Nd2 Nc5
16.Nc4 Be6 17.Qc2 Bxc4 18.bxc4 Qb6 19.Re3 Rfe8 20.Ne2 Qc7 21.Ng3 Bg5 22.Ree1 Bf4
23.Nf5 g6 24.Nh4 Be5 25.Nf3 Bxd4 26.Nxd4 Re7 27.Re3 Rae8 28.Rae1 Qb6 29.Nf3 Qb4
30.b3 Qb6 31.h4 Ne6 32.Qb2 Qc5 33.Qf6 Nc7 34.h5 Re6 35.Qf4 R8e7 36.hxg6 hxg6
37.Qh6 Qh5 38.Qf4 Kg7 39.g4 Qc5 40.Kg2 Rf6 41.Qh2 Re8 42.Rh1 Kf8 43.e5 Rfe6
44.exd6 Qxd6 45.Qxd6+ Rxd6 46.Rh8+ Kg7 47.Rhxe8 Nxe8 48.Rxe8 Rd3 49.Re3  1-0

[Event "38th Olympiad"]
[Site "Dresden GER"]
[Date "2008.11.15"]
[Round "3"]
[White "Pavasovic,D"]
[Black "Campero,R"]
[Result "1-0"]
[WhiteElo "2597"]
[BlackElo "2255"]

1.e4 d6 2.d4 Nf6 3.Nc3 e5 4.Nf3 Nbd7 5.Bc4 Be7 6.O-O O-O 7.Re1 c6 8.a4 b6
9.b3 a6 10.Bb2 Rb8 11.Bd3 Re8 12.Ne2 Bf8 13.Ng3 Qc7 14.c4 c5 15.dxe5 Nxe5
16.Nh4 Qd8 17.f4 Nxd3 18.Qxd3 Nxe4 19.Nxe4 Qxh4 20.Nf6+ gxf6 21.Rxe8 Bf5
22.Rxf8+  1-0

[Event "38th Olympiad w"]
[Site "Dresden GER"]
[Date "2008.11.16"]
[Round "4"]
[White "Dekic,B"]
[Black "Avelar,G"]
[Result "1-0"]
[WhiteElo "2103"]
[BlackElo "2045"]

1.e4 d6 2.d4 Nf6 3.Nc3 Nbd7 4.Nf3 e5 5.dxe5 dxe5 6.a3 c6 7.Bc4 b5 8.Bb3 Bc5
9.O-O O-O 10.h3 a5 11.Re1 Qc7 12.Be3 Bxe3 13.Rxe3 Nc5 14.Ba2 Be6 15.Bxe6 Nxe6
16.Ne2 Rfd8 17.Qe1 c5 18.Ng3 Nd4 19.Rc1 g6 20.c4 b4 21.Rd3 Nxf3+ 22.Rxf3 Kg7
23.Qe3 h6 24.h4 Rd4 25.h5 Rad8 26.Rxf6 Kxf6 27.Qxh6 Rg8 28.f4 exf4 29.Rf1 Qe5
30.hxg6 fxg6 31.Nh5+ Qxh5 32.Qxf4+ Kg7 33.Qf6+ Kh7 34.Rf3 Qxf3 35.gxf3 g5
36.Qe7+ Rg7 37.Qxc5 Rd1+ 38.Kg2 Rd2+ 39.Kg3 Rxb2 40.axb4 Rxb4 41.Qxa5 Rxc4
42.Qf5+ Kh8 43.Qh3+ Rh7 44.Qe6 Rcc7 45.Qe8+ Kg7 46.Kg4 Re7 47.Qxe7+  1-0

[Event "38th Olympiad w"]
[Site "Dresden GER"]
[Date "2008.11.16"]
[Round "4"]
[White "Safar,A"]
[Black "Agrest,S"]
[Result "0-1"]
[WhiteElo "1559"]
[BlackElo "2258"]

1.d4 d6 2.e4 Nf6 3.Nc3 e5 4.f3 exd4 5.Qxd4 Nc6 6.Bb5 Be7 7.Nge2 O-O 8.Bxc6 bxc6
9.Be3 Nd7 10.O-O a5 11.Ng3 Bf6 12.Qd2 Ba6 13.Rfd1 Ne5 14.b3 g6 15.Rab1 Qe7
16.Nce2 Bxe2 17.Nxe2 a4 18.Nc1 axb3 19.cxb3 Rfb8 20.Qc2 c5 21.Bf4 Nc6 22.Rd2 Nd4
23.Qd3 Ra3 24.Ne2 Nc6 25.Nc1 Rba8 26.Qe2 Bc3 27.Rd1 Bd4+ 28.Kh1 Nb4 29.Rd2 Bc3
30.Rd1 Nxa2 31.Nxa2 Rxa2 32.Qc4 Be5 33.Be3 Qh4 34.Bg1 Bxh2 35.Bxh2 Rxg2 36.Kxg2 Ra2+  0-1

[Event "38th Olympiad w"]
[Site "Dresden GER"]
[Date "2008.11.16"]
[Round "4"]
[White "Guerrero Rodriguez,Alej"]
[Black "Richtrova,E"]
[Result "0-1"]
[WhiteElo "2143"]
[BlackElo "2270"]

1.e4 d6 2.d4 Nf6 3.Nc3 e5 4.dxe5 dxe5 5.Qxd8+ Kxd8 6.Bg5 Be6 7.Nd5 Bxd5 8.O-O-O Be7
9.exd5 Nbd7 10.Bc4 Ne4 11.Bxe7+ Kxe7 12.Nh3 f5 13.Rhe1 Kf6 14.f4 Nd6 15.fxe5+ Nxe5
16.Bf1 Rhe8 17.Nf4 g5 18.Ne6 Re7 19.Nc5 Rae8 20.Be2 Nec4 21.Ne6 Ne3 22.Bh5 Nxd1
23.Bxe8 Nxb2 24.Bh5 Nbc4 25.h4 h6 26.hxg5+ hxg5 27.Be2 Ne3 28.Rh1 g4 29.Nf4 Nxg2
30.Nxg2 Rxe2 31.Nf4 Re4 32.Ne6 g3 33.Nxc7 g2 34.Rg1 Rg4 35.Ne6 Ke5 36.c3 f4
37.Kd1 f3 38.Nc5  0-1

[Event "38th Olympiad w"]
[Site "Dresden GER"]
[Date "2008.11.17"]
[Round "5"]
[White "Cosma,E"]
[Black "Vega Gutierrez,S"]
[Result "1-0"]
[WhiteElo "2340"]
[BlackElo "2278"]

1.d4 d6 2.e4 Nf6 3.Nc3 e5 4.dxe5 dxe5 5.Qxd8+ Kxd8 6.Bc4 Ke8 7.Nge2 c6 8.f3 Nbd7
9.Be3 Bc5 10.Nd1 Ke7 11.a4 a5 12.Nc1 Bxe3 13.Nxe3 Nc5 14.Nb3 Nxb3 15.Bxb3 Be6
16.O-O-O g6 17.Bxe6 Kxe6 18.Rd3 Nd7 19.Rhd1 Nb6 20.b3 Ke7 21.Nc4 Nxc4 22.Rd7+ Kf6
23.bxc4 Rab8 24.R1d6+ Kg7 25.Re6 Rhd8 26.Rxd8 Rxd8 27.Rxe5 f5 28.exf5 Kf6
29.Rxa5 gxf5 30.c3 h5 31.f4 h4 32.Re5 Rg8 33.Re2 Rg4 34.Rf2 Ke6 35.Kb2 Kd6
36.a5 c5 37.Kb3 Kc6 38.Ka4 Rg8 39.Re2 Rg4 40.Rf2 Rg8 41.Re2 Rg6 42.g3 hxg3
43.hxg3 Rxg3 44.Re6+ Kc7 45.Rf6 Rxc3 46.Kb5 Rb3+ 47.Kxc5 Ra3 48.Rf7+ Kb8
49.Kb4 Ra1 50.Rxf5 Kc7 51.Rd5 Kc6 52.f5 Rc1 53.f6 Rf1 54.Rb5 Kc7 55.Rb6 Rf5
56.c5 Rf1 57.a6 bxa6 58.Rxa6 Kb7 59.Rd6 Kc7 60.Kc4 Rf5 61.Kd4 Kc8 62.Ke4  1-0

[Event "38th Olympiad w"]
[Site "Dresden GER"]
[Date "2008.11.17"]
[Round "5"]
[White "Jackova,J"]
[Black "Moser,E"]
[Result "0-1"]
[WhiteElo "2360"]
[BlackElo "2376"]

1.e4 d6 2.d4 Nf6 3.Nc3 e5 4.Nf3 Nbd7 5.Bc4 Be7 6.O-O O-O 7.Re1 c6 8.a4 a5
9.h3 h6 10.b3 Re8 11.Bb2 Qc7 12.Qd2 Nf8 13.Rad1 Ng6 14.Qc1 Bd7 15.Bf1 Rad8
16.g3 h5 17.Ng5 h4 18.dxe5 dxe5 19.Bc4 Rf8 20.Ba3 hxg3 21.fxg3 Bb4 22.Bxb4 axb4
23.Nb1 b5 24.axb5 cxb5 25.Bd3 Nh5 26.Kh2 f6 27.Nf3 Bxh3 28.Kxh3 Qd7+ 29.Kh2 Qg4
30.Re3 Qxg3+ 31.Kh1 Qf2 32.Nh2 Ng3+ 33.Rxg3 Qxg3 34.Rg1 Qf4 35.Qe1 Kf7 36.Rf1 Qh4
37.Qxb4 Rh8 38.Qd2 Nf4 39.Qf2 Nxd3 40.cxd3 Rxd3 41.Qa7+ Ke6 42.Qa6+ Rd6 43.Qa2 Qxe4+
44.Kg1 Ra8 45.Qf2 Qd4 46.Nf3 Qxf2+ 47.Kxf2 Rd3 48.Nbd2 Ra2 49.Ke1 e4  0-1

[Event "38th Olympiad"]
[Site "Dresden GER"]
[Date "2008.11.17"]
[Round "5"]
[White "Njili,K"]
[Black "Galego,L"]
[Result "0-1"]
[WhiteElo "2350"]
[BlackElo "2484"]

1.e4 d6 2.d4 Nf6 3.Nc3 c6 4.Be3 Qa5 5.Qd2 e5 6.Nf3 Be7 7.h3 Nbd7 8.Bd3 O-O
9.O-O Qc7 10.a4 b6 11.Rad1 a6 12.dxe5 dxe5 13.Ne2 Nc5 14.Bxc5 Bxc5 15.Qc3 Nd7
16.b4 Be7 17.Bc4 a5 18.b5 Bb4 19.Qe3 cxb5 20.Bxb5 Nf6 21.Ng3 h6 22.c4 Be6
23.Nh4 Rfd8 24.Ngf5 Kh7 25.Qf3 Rxd1 26.Rxd1 Rd8 27.Ne3 Rxd1+ 28.Qxd1 Bc5
29.Qd3 Bxe3 30.Qxe3 Nd7 31.Nf3 Nc5 32.Qc3 f6 33.Qc2 Qd6 34.Kf1 g5 35.Nd2 Qd4
36.Ke2 h5 37.Bc6 g4 38.hxg4 Bxg4+ 39.f3 Be6 40.Qb1 Bxc4+ 41.Nxc4 Qxc4+ 42.Kf2 Nd3+
43.Kg3 Nf4 44.Bd7 Qg8+  0-1

[Event "38th Olympiad w"]
[Site "Dresden GER"]
[Date "2008.11.19"]
[Round "6"]
[White "Rivera,Dai"]
[Black "Agrest,S"]
[Result "0-1"]
[WhiteElo "2073"]
[BlackElo "2258"]

1.e4 d6 2.d4 Nf6 3.Nc3 e5 4.dxe5 dxe5 5.Qxd8+ Kxd8 6.Bc4 Be6 7.Bxe6 fxe6
8.Bg5 Bd6 9.O-O-O Ke7 10.Nge2 Nc6 11.f3 a6 12.h4 h6 13.Bxf6+ gxf6 14.h5 Rhg8
15.g4 b5 16.a3 Na5 17.Ng3 Nc4 18.Rd3 Rgb8 19.Nd1 Bc5 20.b4 Bd6 21.Ne3 a5
22.c3 Nxa3 23.Rhd1 Nc4 24.Nc2 axb4 25.cxb4 Ra2 26.Rb3 Rba8 27.Rdd3 c6 28.Nf1 Bc7
29.Nfe3 Bb6 30.Nd1 Rd8 31.Rxd8 Kxd8 32.Rd3+ Ke7 33.Nc3 Ra7 34.Nb1 Rd7 35.Rxd7+ Kxd7
36.Nc3 Ke7 37.Kd1 Ne3+ 38.Nxe3 Bxe3 39.Kc2 Kd6 40.Kd3 Bf2 41.Ke2 Bd4 42.Nb1 c5
43.bxc5+ Kxc5 44.Kd3 Bb2 45.Kc2 Bd4 46.Kd3 Bf2 47.Ke2 Bh4 48.Kd3 Bg5 49.Nc3 Kb4
50.Nb1 Kb3 51.Nc3 b4 52.Nb5 Ka2 53.Kc4 b3 54.Kd3 Ka1 55.Nc3 Bf4  0-1

[Event "38th Olympiad w"]
[Site "Dresden GER"]
[Date "2008.11.19"]
[Round "6"]
[White "Mongontuul,B"]
[Black "Borsuk,A"]
[Result "1-0"]
[WhiteElo "2410"]
[BlackElo "2398"]

1.e4 d6 2.d4 Nf6 3.Nc3 e5 4.Nf3 Nbd7 5.Bc4 Be7 6.O-O O-O 7.Re1 c6 8.a4 b6
9.Bg5 a6 10.d5 cxd5 11.Bxd5 Rb8 12.Bc6 h6 13.Bxf6 Nxf6 14.Qd3 Qc7 15.Nd5 Nxd5
16.Bxd5 b5 17.axb5 axb5 18.Nd2 Bd7 19.c3 Rfc8 20.Ra6 Rb6 21.Rea1 Rxa6 22.Rxa6 Bg5
23.Rxd6 Be8 24.Ra6 Be7 25.Nb3 Kh7 26.h3 Rb8 27.Qe3 Bd8 28.Qc5 Qxc5 29.Nxc5 Be7
30.Nd3 f6 31.Kf1 h5 32.Ke2 Bd8 33.b3 Bb6 34.Nb4 Bc5 35.Nc6 Bxc6 36.Rxc6 Bb6
37.b4 Kh6 38.Rd6 Bc7 39.Rd7 Bd8 40.Rb7 Ra8 41.Rxg7 Ra3 42.Rd7 Bb6 43.Rd6  1-0

[Event "38th Olympiad"]
[Site "Dresden GER"]
[Date "2008.11.19"]
[Round "6"]
[White "Baba,M"]
[Black "Shaw,J"]
[Result "1/2-1/2"]
[WhiteElo "2220"]
[BlackElo "2469"]

1.e4 d6 2.d4 Nf6 3.Nc3 e5 4.Nf3 Nbd7 5.Bc4 Be7 6.O-O O-O 7.Re1 c6 8.a4 b6
9.d5 cxd5 10.Nxd5 Nxd5 11.Bxd5 Rb8 12.c3 Nf6 13.Bb3 Bb7 14.Bc2 h6 15.c4 Qc7
16.b3 Rbc8 17.Ba3 a6 18.Nh4 g6 19.Bd3 Qd8 20.Bc1 Kg7 21.g3 Nd7 22.Ng2 Nc5
23.Bc2 h5 24.Bb2 Bf6 25.Qe2 Qe7 26.Rad1 Rh8 27.Qd2 Rcd8 28.h4 Rhe8 29.Qb4 Qc7
30.Qd2 Bc6 31.Qe2 Qb7 32.Ra1 b5 33.axb5 axb5 34.b4 Na6 35.Bc3 bxc4 36.Qxc4 Nc7
37.Ba4 Bxa4 38.Rxa4 d5 39.exd5 Nxd5 40.Ra5 Nxc3 41.Qxc3 e4 42.Qa3 Bd4 43.Ne3 Rc8
44.Qa4 Bxe3 45.Rxe3 Rc1+ 46.Kg2 Rd8 47.Rc5 Rb1 48.b5 Re8 49.Qc4 Re7 50.Qc3+ f6
51.Qc4 Qd7 52.Rxe4 Qb7 53.Rc6 Rxe4 54.Qxe4 Rxb5 55.Re6  1/2-1/2

[Event "38th Olympiad"]
[Site "Dresden GER"]
[Date "2008.11.20"]
[Round "7"]
[White "Can,E"]
[Black "Valdes,Le"]
[Result "1-0"]
[WhiteElo "2464"]
[BlackElo "2401"]

1.e4 d6 2.d4 Nf6 3.Nc3 Nbd7 4.g4 h6 5.h3 e5 6.Bg2 c6 7.Nge2 b5 8.a3 Bb7 9.O-O a5
10.Ng3 g6 11.Be3 h5 12.g5 Nh7 13.h4 f6 14.dxe5 dxe5 15.Bh3 Bc8 16.Nxh5 fxg5
17.Qe2 Qe7 18.Rad1 Qf7 19.Ng3 gxh4 20.Nxb5 cxb5 21.Qxb5 hxg3 22.Qc6 Bg7 23.fxg3 Qe7
24.Qxg6+  1-0

[Event "38th Olympiad"]
[Site "Dresden GER"]
[Date "2008.11.20"]
[Round "7"]
[White "Russell,MKA"]
[Black "Khouseinov,R"]
[Result "0-1"]
[WhiteElo "2230"]
[BlackElo "2348"]

1.d4 d6 2.e4 Nf6 3.Nc3 c6 4.h3 Qa5 5.Bd2 Qc7 6.Nf3 e5 7.a4 Be7 8.dxe5 dxe5
9.Bc4 O-O 10.O-O a5 11.Qe2 Na6 12.Bxa6 Rxa6 13.Be3 Bb4 14.Nd2 Be6 15.Rfd1 Rb8
16.Na2 Be7 17.Nc1 h6 18.Nd3 Raa8 19.Bc5 Bxc5 20.Nxc5 Bc8 21.Nc4 b6 22.Nd3 Ba6
23.Ne3 g6 24.Qf3 Qe7 25.Rd2 Rd8 26.Rad1 h5 27.c3 Rd7 28.Nc1 Rxd2 29.Rxd2 Rd8
30.Nf1 Kg7 31.Qd1 Rxd2 32.Nxd2 Qd6 33.Qc2 Nd7 34.Nf1 Nc5 35.Ne3 Ne6 36.Kh2 h4
37.b3 f6 38.Qd1 Qxd1 39.Nxd1 Nc5 40.f3 f5 41.exf5 gxf5 42.g3 f4 43.gxh4 Nd3
44.Nxd3 Bxd3 45.Nb2 Bc2 46.b4 Bb3 47.Kg2 c5 48.bxa5 bxa5 49.c4 Kh6 50.Kf2 Kh5
51.Ke2 Kxh4 52.Kd2  0-1

[Event "38th Olympiad"]
[Site "Dresden GER"]
[Date "2008.11.20"]
[Round "7"]
[White "Mikheev,S"]
[Black "Al Sayed,Mohamad"]
[Result "0-1"]
[WhiteElo "2329"]
[BlackElo "2477"]

1.e4 d6 2.d4 Nf6 3.Nc3 e5 4.dxe5 dxe5 5.Qxd8+ Kxd8 6.Bc4 Be6 7.Bxe6 fxe6
8.f3 Bc5 9.Bd2 Nc6 10.Nge2 a6 11.O-O-O Ke7 12.Kb1 h6 13.Nc1 Nh5 14.Nd3 Bd6
15.Ne2 Rhf8 16.c4 b6 17.b4 Ke8 18.Bc3 Rf7 19.c5 bxc5 20.bxc5 Rb8+ 21.Kc2 Bf8
22.Nxe5 Nxe5 23.Bxe5 Bxc5 24.Nd4 Bxd4 25.Bxd4 Rb5 26.Rd2 e5 27.Bc3 Ke7 28.a4 Rc5
29.Kb3 Ke6 30.Kb4 Rc6 31.Rd5 Nf4 32.Rxe5+ Kd7 33.Rd1+ Kc8 34.Rd2 Rb6+ 35.Kc4 g6
36.Bd4 Rd6 37.Rb2 Ne6 38.Be3 g5 39.Rd5 Rc6+ 40.Kb3 Nf4 41.Rdd2 Re6 42.Kc2 Rc6+
43.Kd1 Rc3 44.Ba7 c5 45.Bb6 Rd7 46.Rc2 Rxd2+ 47.Rxd2 Kb7 48.a5 Kc6 49.g3 Ne6
50.f4 gxf4 51.gxf4 Nxf4 52.Rf2 Nd3 53.Rf6+ Kb5 54.Bc7 Kc4 55.Rxa6 Kd4 56.Rxh6 Nf2+
57.Ke2 Nxe4 58.a6 Re3+ 59.Kf1 Ra3 60.h4 Ke3 61.Kg2 Ra2+ 62.Kh3 Kf3 63.h5 Ra4
64.Kh2 Ra2+ 65.Kh3 Rg2 66.Rg6 Ng5+ 67.Rxg5 Rxg5 68.Kh4 Rg3  0-1

[Event "38th Olympiad w"]
[Site "Dresden GER"]
[Date "2008.11.20"]
[Round "7"]
[White "Kagramanov,D"]
[Black "Srebrnic,A"]
[Result "1/2-1/2"]
[WhiteElo "2118"]
[BlackElo "2290"]

1.e4 d6 2.d4 Nf6 3.Nc3 e5 4.Nf3 Nbd7 5.Bc4 Be7 6.O-O O-O 7.Re1 c6 8.a4 b6
9.h3 a6 10.b3 Rb8 11.Bd3 b5 12.a5 Qc7 13.Qe2 Bb7 14.Nd1 Rfe8 15.Bb2 Bf8 16.c4 exd4
17.Bxd4 bxc4 18.bxc4 c5 19.Bxf6 Nxf6 20.Nc3 g6 21.Qd2 Bg7 22.Ra3 Bc6 23.Bc2 Rb4
24.Nd5 Nxd5 25.exd5 Bd7 26.Rxe8+ Bxe8 27.Qe2 Qd8 28.h4 Bd7 29.Ng5 h6 30.Ne4 Be5
31.Nxc5 Qxh4 32.g3 Qg4 33.Qxg4 Bxg4 34.Nxa6 Rxc4 35.Bd3 Rc1+ 36.Kg2 Bd4 37.Ra4 Ra1
38.Rxd4 Bc8 39.Rb4 Kg7 40.Rb6 Rxa5 41.Rxd6 Bb7 42.Nb4 Ra3 43.Rd7 Ba8 44.Kf3 Rb3
45.Ra7 Bxd5+ 46.Nxd5 Rxd3+ 47.Ke4 Rd2 48.f3 Re2+ 49.Kf4 Rb2 50.Nc3 Rb4+ 51.Ke5 Rb3
52.Rc7 Ra3 53.Kf4 Ra5 54.Rd7 Rf5+ 55.Ke4 Rg5 56.g4 h5 57.Rd5 Rxd5 58.Kxd5 hxg4
59.fxg4 Kh6 60.Ne4 f5  1/2-1/2

[Event "38th Olympiad"]
[Site "Dresden GER"]
[Date "2008.11.21"]
[Round "8"]
[White "Mehmeti,D"]
[Black "Sebih,K"]
[Result "1-0"]
[WhiteElo "2403"]
[BlackElo "2295"]

1.d4 d6 2.e4 Nf6 3.Nc3 e5 4.f4 exd4 5.Qxd4 a6 6.Nf3 Nc6 7.Qe3 g6 8.Bd2 Bg7
9.O-O-O O-O 10.Bc4 Re8 11.Rhe1 Be6 12.Bxe6 Rxe6 13.Ng5 Re8 14.Qh3 Qd7 15.Nxh7 Qxh3
16.Nxf6+ Bxf6 17.gxh3 Bh4 18.Re2 Re6 19.Rg2 Ne7 20.f5 Re5 21.Bf4 Rc5 22.Be3 Rc4
23.fxg6 Nxg6 24.Bd4 Re8 25.b3 Rc6 26.Rg4 a5 27.Nd5 Kf8 28.Rf1 Re6 29.Kb2 Ke8
30.a4 Bd8 31.Rf5 Ra6 32.h4 c6 33.Nf6+ Ke7 34.h5 Ne5 35.Bxe5 Rxe5 36.Rxe5+ dxe5
37.h6 Ke6 38.Ne8  1-0

[Event "38th Olympiad w"]
[Site "Dresden GER"]
[Date "2008.11.21"]
[Round "8"]
[White "Fuchs,Ju"]
[Black "Klinova,M"]
[Result "0-1"]
[WhiteElo "2238"]
[BlackElo "2327"]

1.e4 d6 2.d4 Nf6 3.Nc3 e5 4.Nf3 exd4 5.Nxd4 Be7 6.Bc4 O-O 7.O-O Nc6 8.Nxc6 bxc6
9.Re1 Bb7 10.Bg5 h6 11.Bh4 Nd7 12.Bxe7 Qxe7 13.Bb3 a5 14.a4 Ba6 15.Qf3 Rab8
16.Ne2 c5 17.Qc3 Qxe4 18.Ng3 Qb4 19.Re7 Qxc3 20.bxc3 Nb6 21.c4 Rbc8 22.Re4 Rfe8
23.Rae1 Rxe4 24.Rxe4 Bb7 25.Re3 Kf8 26.Re1 g6 27.f3 Ba6 28.Kf2 Bxc4 29.Ne4 Ba6
30.c3 Bb7 31.Rd1 Bc6 32.Ra1 Re8 33.Nf6 Rb8 34.Bd1 Nc4  0-1

[Event "TCh-AUT 2nd Bundesliga Ost 2008-9"]
[Site "Austria AUT"]
[Date "2008.11.22"]
[Round "4"]
[White "Neumeier,K"]
[Black "Hangweyrer,M"]
[Result "1/2-1/2"]
[WhiteElo "2319"]
[BlackElo "2338"]

1.e4 d6 2.d4 Nf6 3.Nc3 e5 4.Nf3 Nbd7 5.Bc4 Be7 6.O-O O-O 7.Re1 a6 8.dxe5 Nxe5
9.Nxe5 dxe5 10.Nd5 Nxd5  1/2-1/2

[Event "9th Open"]
[Site "Liberec CZE"]
[Date "2008.11.22"]
[Round "9"]
[White "Cejp,J"]
[Black "Kaderabek,J"]
[Result "0-1"]
[WhiteElo "1853"]
[BlackElo "2201"]

1.e4 d6 2.d4 Nf6 3.Nc3 c6 4.Nf3 Bg4 5.Be2 Nbd7 6.O-O e5 7.Re1 Be7 8.b3 O-O
9.Bb2 Qc7 10.Qd3 Rad8 11.d5 Rc8 12.Rac1 Qa5 13.dxc6 bxc6 14.Qa6 Qc7 15.h3 Nc5
16.Qa3 Bh5 17.Ba6 Rb8 18.b4 Bxf3 19.gxf3 Nxa6 20.Qxa6 Rxb4 21.Ba3 Qb6 22.Qxb6 Rxb6
23.Red1 Rd8 24.Rb1 Kf8 25.Rb3 d5 26.Bxe7+ Kxe7 27.Rdb1 Rdb8 28.Re1 d4 29.Nb1 Rxb3
30.axb3 d3 31.cxd3 Rxb3 32.Rc1 Rxd3  0-1

[Event "38th Olympiad w"]
[Site "Dresden GER"]
[Date "2008.11.23"]
[Round "10"]
[White "Drljevic,L"]
[Black "Borsuk,A"]
[Result "0-1"]
[WhiteElo "2259"]
[BlackElo "2398"]

1.e4 d6 2.d4 Nf6 3.Nc3 e5 4.Nf3 Nbd7 5.g4 h6 6.g5 hxg5 7.Bxg5 c6 8.dxe5 dxe5
9.Qe2 Qc7 10.O-O-O Be7 11.Rg1 Nc5 12.Nh4 g6 13.f4 exf4 14.e5 Nh5 15.Nf3 Bf5
16.Bf6 Bxf6 17.exf6+ Ne6 18.Nh4 Nxf6 19.Nxf5 gxf5 20.Rg7 Qe7 21.Rg1 Ng4 22.Rxg4 fxg4
23.Qxg4 Qg5 24.Qf3 Rd8 25.Bd3 Rxh2 26.Ne4 Qg2 27.Rf1 Qxf3 28.Rxf3 Ke7 29.Nf2 Rg8
30.Nd1 Rg1  0-1

[Event "38th Olympiad"]
[Site "Dresden GER"]
[Date "2008.11.23"]
[Round "10"]
[White "Sousa,A"]
[Black "Celis,S"]
[Result "0-1"]
[WhiteElo "2210"]
[BlackElo "2009"]

1.e4 d6 2.d4 Nf6 3.Nc3 e5 4.Nf3 exd4 5.Nxd4 Be7 6.Be2 O-O 7.O-O Re8 8.Bd3 c6
9.a4 a5 10.h3 Na6 11.Re1 Bf8 12.Qf3 g6 13.Bg5 Bg7 14.Rad1 Nc5 15.Bf1 h6 16.Bh4 Ncd7
17.Nb3 Ne5 18.Qe2 Qe7 19.Qd2 g5 20.Bg3 Nh5 21.Bh2 Bxh3 22.Bxe5 Bxe5 23.gxh3 Kh7
24.Nd4 Ng7 25.Nce2 g4 26.Ng3 Rg8 27.Qxh6+ Kxh6 28.Ndf5+ Nxf5 29.Nxf5+ Kg5
30.Nxe7 Rh8 31.hxg4 Kxg4 32.Bg2 Rh5 33.Rd3 Rg5 34.Nf5 Rag8 35.Nh6+  0-1

[Event "38th Olympiad w"]
[Site "Dresden GER"]
[Date "2008.11.23"]
[Round "10"]
[White "Uusitupa,E"]
[Black "Bashkite,V"]
[Result "0-1"]
[WhiteElo "1702"]
[BlackElo "2129"]

1.e4 d6 2.d4 Nf6 3.Nc3 c6 4.Nf3 Qa5 5.Qd2 e5 6.Be2 Bg4 7.O-O Nbd7 8.h3 Bh5
9.a3 Qb6 10.Rd1 Be7 11.Qe3 Bg6 12.dxe5 dxe5 13.Qxb6 axb6 14.Nd2 Bc5 15.Kf1 b5
16.f3 Nh5 17.Nb3 Ng3+ 18.Ke1 Bb6 19.Bg5 f6 20.Bh4 Nxe2 21.Nxe2 Bf7 22.Bf2 Bxf2+
23.Kxf2 Ke7 24.Nec1 h5 25.Nd3 b6 26.Nb4 Rhc8 27.Rd2 Bxb3 28.cxb3 Nc5 29.Rad1 Ra7
30.Rd6 Rac7 31.g4 hxg4 32.hxg4 Nxb3 33.g5 Nd4 34.R6xd4 exd4 35.gxf6+ gxf6
36.Rxd4 Rd7 37.Rxd7+ Kxd7 38.Ke3 Rh8 39.Kf4 Rh5 40.Kg4 Rg5+ 41.Kf4 Kd6 42.Nd3 Ke6
43.e5 Rf5+ 44.Ke3 fxe5 45.f4 exf4+ 46.Nxf4+ Kd6 47.Nd3 c5 48.Kd2 Kd5 49.Kc3 Rf3
50.Kc2 Kd4 51.Ne1 Rf2+ 52.Kc1 Kc4 53.Nc2 Kb3 54.Na1+ Ka2 55.Nc2 Rf1+ 56.Kd2 Kxb2  0-1

[Event "38th Olympiad"]
[Site "Dresden GER"]
[Date "2008.11.23"]
[Round "10"]
[White "Stefansson,H"]
[Black "Felgaer,R"]
[Result "1-0"]
[WhiteElo "2575"]
[BlackElo "2591"]

1.e4 d6 2.d4 Nf6 3.Nc3 e5 4.Nf3 Nbd7 5.Bc4 Be7 6.O-O c6 7.a4 O-O 8.Re1 b6
9.b3 Bb7 10.Bb2 a6 11.Bd3 Re8 12.Ne2 d5 13.Ng3 dxe4 14.Nxe4 exd4 15.Nxd4 Bb4
16.Re3 Bf8 17.Nf5 c5 18.Rg3 g6 19.Ned6 Qc7 20.Nxe8 Rxe8 21.Qd2 Ne5 22.Qg5 Re6
23.Nh6+ Kg7 24.Bf5 Re8 25.f4  1-0

[Event "38th Olympiad"]
[Site "Dresden GER"]
[Date "2008.11.25"]
[Round "11"]
[White "Caruana,F"]
[Black "Khouseinov,R"]
[Result "1-0"]
[WhiteElo "2640"]
[BlackElo "2348"]

1.e4 d6 2.d4 Nf6 3.Nc3 c6 4.f4 Qa5 5.Bd3 e5 6.dxe5 dxe5 7.f5 Na6 8.Nf3 Nd7
9.Ng5 b5 10.Qh5 g6 11.fxg6 fxg6 12.Qf3 Nac5 13.Be3 Be7 14.Qf7+ Kd8 15.O-O b4
16.Ne2 Bxg5 17.Bxg5+ Kc7 18.Be7 Bb7 19.Rad1 Raf8 20.Bxf8 Rxf8 21.Qe7 Rxf1+
22.Rxf1 Qxa2 23.Rf7 Qe6 24.Qxe6 Nxe6 25.Rxh7 a5 26.b3 Kd6 27.Bc4 c5 28.Ng3 Bc6
29.Nf5+ gxf5 30.Rh6 Bxe4 31.Rxe6+ Kc7 32.h4 Bxc2 33.h5 a4 34.bxa4 b3 35.Bxb3 Bxb3
36.h6 Bxe6 37.h7 f4 38.h8=Q Bd5 39.a5 Bb7 40.Qh6 Bc6 41.Qe6 Bb5 42.a6 Bc6
43.a7 Bb7 44.Qe8 c4 45.a8=Q Bxa8 46.Qxa8 Kd6 47.Qa6+ Kd5 48.Qb7+ Kd6 49.Qb5 c3
50.Qd3+ Ke6 51.Qxc3 Nf6 52.Qd3 e4 53.Qd4 Kf5 54.Qc5+  1-0

[Event "38th Olympiad w"]
[Site "Dresden GER"]
[Date "2008.11.25"]
[Round "11"]
[White "Matoussi,Amina"]
[Black "Hansen,Ev"]
[Result "0-1"]
[WhiteElo "1761"]
[BlackElo "2169"]

1.e4 d6 2.d4 Nf6 3.Nc3 e5 4.dxe5 dxe5 5.Qxd8+ Kxd8 6.Bg5 Be6 7.O-O-O+ Nd7
8.Nf3 Kc8 9.Bxf6 gxf6 10.Nh4 c6 11.Nf5 Kc7 12.f3 a5 13.a4 Bb4 14.Nb1 Rhg8
15.h4 Rad8 16.Nd2 Nb6 17.b3 Ba3+ 18.Kb1 Rd7 19.g4 Rgd8 20.Bd3 Bb4 21.Kc1 Bxd2+
22.Rxd2 Bxb3 23.cxb3 Rxd3 24.Rhd1 Rc3+ 25.Kb2 Rxd2+ 26.Rxd2 Rxf3 27.Nd6 Rf4
28.g5 f5 29.Nxf7 fxe4 30.Nxe5 Nd5 31.g6 hxg6 32.Nxg6 Rf5 33.Kc1 Kd6 34.Kd1 Kc5
35.Rh2 Rh5 36.Kd2 Kd4 37.Rg2 e3+ 38.Kc2 Nb4+ 39.Kb2 Nd3+ 40.Kb1 Kc3 41.Re2 Kd4
42.Kc2 Rc5+ 43.Kb1 Rc1+ 44.Ka2 Rg1  0-1

[Event "38th Olympiad"]
[Site "Dresden GER"]
[Date "2008.11.25"]
[Round "11"]
[White "Jones,G"]
[Black "Jovanovic,Zo CRO"]
[Result "1/2-1/2"]
[WhiteElo "2548"]
[BlackElo "2564"]

1.e4 d6 2.d4 Nf6 3.Nc3 e5 4.Nf3 exd4 5.Nxd4 Be7 6.g3 Nc6 7.Bg2 O-O 8.h3 Nxd4
9.Qxd4 c6 10.Bf4 Qb6 11.O-O-O Qxd4 12.Rxd4 Rd8 13.a4 Be6 14.Rhd1 Ne8 15.g4 Rd7
16.Bg3 Rad8 17.Nd5 Bxd5 18.exd5 c5 19.Re4 Bf6 20.f4 g6 21.g5 Bg7 22.f5 gxf5
23.Re2 Be5 24.Bxe5 Re7 25.Bf6 Rxe2 26.Bxd8 Rxg2 27.Re1 Kf8 28.Be7+ Kg7 29.Bd8 Kf8
30.Re3 f4 31.Rf3 Rg3 32.Rxf4 Rxh3 33.a5 b5 34.axb6 axb6 35.Bxb6 h6 36.g6 f6
37.Bd8 Rg3 38.Bxf6 Rxg6 39.Bd8+ Kg7 40.Re4 Nf6 41.Re7+ Kf8 42.c4 Ng4 43.Re4 Ne5
44.Ba5  1/2-1/2

[Event "21st Belgrade Trophy"]
[Site "Obrenovac SRB"]
[Date "2008.11.27"]
[Round "1"]
[White "Carnic,S"]
[Black "Stefanovic,M"]
[Result "1-0"]
[WhiteElo "2346"]
[BlackElo "1987"]

1.e4 d6 2.d4 Nf6 3.Nc3 e5 4.Nf3 Nbd7 5.Bc4 Be7 6.O-O O-O 7.Re1 c6 8.a4 a5
9.h3 Qc7 10.Bg5 Re8 11.Qd2 Nf8 12.Rad1 Ng6 13.Nh4 Nxh4 14.Bxh4 Nh5 15.Bxe7 Qxe7
16.Ne2 Qh4 17.Qe3 Nf4 18.dxe5 dxe5 19.Qb3 Qe7 20.Nxf4 exf4 21.e5 Be6 22.Bxe6 Qxe6
23.Qc3 h6 24.Rd6 Qf5 25.e6 Rxe6 26.Rexe6 fxe6 27.Rd7 e5 28.Rxb7 Rd8 29.Re7 Rd1+
30.Kh2 f3 31.Qxe5 Qxe5+ 32.Rxe5 Rd2 33.Rc5 Rxf2 34.Kg3 Rxg2+ 35.Kxf3 Rh2
36.Kg3 Re2 37.Rxc6 Re3+ 38.Kg2 Re4 39.b3 Re2+ 40.Kf3 Rh2 41.Kg3 Re2 42.Rc5  1-0

[Event "UTD Invitational IM"]
[Site "Richardson USA"]
[Date "2008.11.27"]
[Round "3"]
[White "Guadalupe,F"]
[Black "Annakov,B"]
[Result "0-1"]
[WhiteElo "2237"]
[BlackElo "2455"]

1.e4 d6 2.d4 Nf6 3.Nc3 c6 4.Bg5 Nbd7 5.f4 e5 6.Nf3 Be7 7.Qd2 h6 8.Bxf6 Bxf6
9.O-O-O Qa5 10.Kb1 O-O 11.g4 exd4 12.Nxd4 Nc5 13.Be2 Re8 14.Bf3 Qb4 15.Rhg1 Bxd4
16.Qxd4 Qxd4 17.Rxd4 Ne6 18.Rxd6 Nxf4 19.Na4 Nh3 20.Rf1 Ng5 21.Nc5 b6 22.Nd3 c5
23.Bg2 Bxg4 24.h4 Nxe4 25.Nf2 Nxd6 26.Bxa8 Bf5 27.Bf3 Re3 28.Nd1 Re5 29.Kc1 Be6
30.b3 Nf5 31.Rh1 Nd4  0-1

[Event "Bundesliga 2008-9"]
[Site "Dresden GER"]
[Date "2008.11.29"]
[Round "5"]
[White "Fedorchuk,S"]
[Black "Maiwald,JU"]
[Result "1-0"]
[WhiteElo "2603"]
[BlackElo "2508"]

1.e4 d6 2.d4 Nf6 3.Nc3 e5 4.Nf3 Nbd7 5.Bc4 Be7 6.O-O O-O 7.Re1 c6 8.a4 a5
9.Ba2 exd4 10.Nxd4 Nc5 11.Bf4 Be6 12.e5 dxe5 13.Nxe6 fxe6 14.Bxe5 Nd5 15.Nxd5 exd5
16.c4 dxc4 17.Qg4  1-0

[Event "British Rapid"]
[Site "Halifax ENG"]
[Date "2008.11.29"]
[Round "5"]
[White "Walton,A"]
[Black "Trent,L"]
[Result "0-1"]
[WhiteElo "2193"]
[BlackElo "2470"]

1.d4 d6 2.e4 Nf6 3.Nc3 e5 4.Nf3 Nbd7 5.Be2 Be7 6.O-O O-O 7.h3 c6 8.Be3 b5
9.a3 Bb7 10.g3 a6 11.Nd2 exd4 12.Bxd4 c5 13.Bxf6 Bxf6 14.f4 Bxc3 15.bxc3 Qf6
16.c4 Qd4+  0-1

[Event "TCh-AUT 2nd Bundesliga Mitte 2008-9"]
[Site "Austria AUT"]
[Date "2008.11.30"]
[Round "4"]
[White "Hatzl,S"]
[Black "Jovanovic,Zo CRO"]
[Result "0-1"]
[WhiteElo "2148"]
[BlackElo "2564"]

1.e4 d6 2.d4 Nf6 3.Nc3 e5 4.Bg5 Be7 5.Nge2 O-O 6.h3 Re8 7.dxe5 dxe5 8.Qxd8 Bxd8
9.O-O-O c6 10.g4 h6 11.Be3 Bb6 12.Bxb6 axb6 13.Ng3 b5 14.a3 g6 15.Rd6 Kg7
16.Rg1 Nbd7 17.Be2 Nh7 18.h4 Nc5 19.g5 hxg5 20.h5 Ne6 21.hxg6 fxg6 22.Bg4 Nf6
23.Bxe6 Bxe6 24.Rgd1 Kf7 25.Nf1 Ke7 26.Ne3 Rh8 27.Kb1 Rh2 28.R6d2 Rf8 29.Nf1 Rh4
30.f3 Rh3 31.Rg2 g4 32.fxg4 Nxg4 33.Rg3 Rfh8 34.Ne2 Rh1 35.Ng1 Rf8 36.Nd2 Rd8
37.Kc1 g5 38.Nh3 Rxd1+ 39.Kxd1 Nh2 40.Rg2 Nf1  0-1